Fundamentos de seguridad en redes: aplicaciones y estándares
Na minha lista:
| Autor principal: | |
|---|---|
| Formato: | Livro |
| Idioma: | espanhol |
| Publicado em: |
Madrid
Pearson Educación
2004
|
| Edição: | 2a. ed |
| Assuntos: | |
| Tags: |
Adicionar Tag
Sem tags, seja o primeiro a adicionar uma tag!
|
MARC
| LEADER | 00000cam a2200000 a 4500 | ||
|---|---|---|---|
| 001 | UCJ0927 | ||
| 003 | CL-VaPUC | ||
| 008 | 060914e20040000SP |||||||||||||||||spa|d | ||
| 020 | |a 8420540021 | ||
| 082 | 0 | 4 | |a 004.68 |b STA |2 21 |
| 100 | 0 | |a Stallings, William |e author |9 501382 | |
| 245 | 1 | 0 | |a Fundamentos de seguridad en redes: aplicaciones y estándares |
| 250 | |a 2a. ed | ||
| 300 | |a 418 p | ||
| 942 | |c BK | ||
| 945 | |d 20060914 00:00:00 |a jtorresc | ||
| 260 | |a Madrid |b Pearson Educación |c 2004 | ||
| 650 | 7 | |a REDES DE COMPUTADORAS |2 CL-VaPUC |9 407383 | |
| 650 | 0 | |a Protocolos de redes |9 464559 | |
| 650 | 7 | |a REDES LOCALES |2 CL-VaPUC |9 474828 | |
| 650 | 0 | |a Seguridad de redes |9 439593 | |
| 583 | |a last modification |c 20180122 12:34:24 |k Rodrigo Vera | ||
| 999 | |c 317665 |d 317663 | ||
| 952 | |0 0 |1 0 |2 ddc |4 0 |6 004_680000000000000_STA_2004 |7 0 |8 A |9 394463 |a BIBING |b BIBING |c RES |d 2019-11-22 |i 4279182 |o 004.68 STA 2004 |p 4279182 |r 2024-01-25 |w 2019-11-22 |y BK |k CCI | ||
| 952 | |0 0 |1 0 |2 ddc |4 0 |6 004_680000000000000_STA_2004 |7 0 |8 A |9 394464 |a BIBING |b BIBING |c RES |d 2019-11-22 |i 4347560 |o 004.68 STA 2004 |p 4347560 |r 2024-01-25 |w 2019-11-22 |y BK |k CCI | ||
| 952 | |0 0 |1 0 |2 ddc |4 0 |6 004_680000000000000_STA_2004 |7 0 |8 A |9 394465 |a BIBING |b BIBING |c RES |d 2019-11-22 |i 4347579 |o 004.68 STA 2004 |p 4347579 |r 2024-01-25 |w 2019-11-22 |y BK |k CCI | ||
| 952 | |0 0 |1 0 |2 ddc |4 0 |6 004_680000000000000_STA_2004 |7 0 |8 A |9 394466 |a BIBING |b BIBING |c RES |d 2019-11-22 |i 4347587 |o 004.68 STA 2004 |p 4347587 |r 2024-01-25 |w 2019-11-22 |y BK |k CCI | ||
| 952 | |0 0 |1 0 |2 ddc |4 0 |6 004_680000000000000_STA_2004 |7 0 |8 A |9 394467 |a BIBING |b BIBING |c RES |d 2019-11-22 |i 4347595 |l 2 |m 1 |o 004.68 STA 2004 |p 4347595 |r 2024-01-25 |s 2023-06-29 |w 2019-11-22 |y BK |k CCI | ||
| 952 | |0 0 |1 0 |2 ddc |3 erb |4 0 |6 004_680000000000000_STA_2004 |7 0 |8 A |9 394468 |a BIBING |b BIBING |c RES |i 5451981 |l 1 |o 004.68 STA 2004 |p 5451981 |r 2024-01-25 |s 2022-05-12 |w 2019-11-22 |y BK |z Catalogado en:20180302 |k CCI | ||
| 952 | |0 0 |1 0 |2 ddc |3 erb |4 0 |6 004_680000000000000_STA_2004 |7 0 |8 A |9 394469 |a BIBING |b BIBING |c RES |i 545199K |o 004.68 STA 2004 |p 545199K |r 2024-01-25 |w 2019-11-22 |y BK |z Catalogado en:20180302 |k CCI | ||